The basic thought of bhagavan mahavir / (Record no. 154642)

MARC details
000 -LEADER
fixed length control field 00687nam a22002177a 4500
005 - DATE AND TIME OF LATEST TRANSACTION
control field 20190409154802.0
010 ## - LCCN (DPL NO)
LC control number ENG- 123580
020 ## - INTERNATIONAL STANDARD BOOK NUMBER
Terms of availability 25.00
International Standard Book Number 9788188769773
035 ## - SYSTEM CONTROL NUMBER
System control number EN-107112
037 ## - SOURCE OF ACQUISITION
Source of stock number/acquisition DBAD/PUB
082 ## - DEWEY DECIMAL CLASSIFICATION NUMBER
Classification number 240.31
100 ## - MAIN ENTRY--PERSONAL NAME
Personal name Jalaj, Jaykumar
245 ## - TITLE STATEMENT
Title The basic thought of bhagavan mahavir /
Statement of responsibility, etc by Jaykumar Jalaj; ed. by Axel Jarvengrn & Peter W.O Berglin
260 ## - PUBLICATION, DISTRIBUTION, ETC. (IMPRINT)
Place of publication, distribution, etc Mumbai
Name of publisher, distributor, etc Hindi Granth Karyalay
Date of publication, distribution, etc 2012
270 ## - ADDRESS
Address 9 Hirabaug C.P. Tank,
City Mumbai
Postal code 400004
300 ## - PHYSICAL DESCRIPTION
Extent 24p.
Dimensions 25cm.(pbk)
500 ## - GENERAL NOTE
General note It includes our publications
700 ## - ADDED ENTRY--PERSONAL NAME
Personal name Jarvengrn, Axel
700 ## - ADDED ENTRY--PERSONAL NAME
Personal name Berglin, Peter W.O
942 ## - ADDED ENTRY ELEMENTS (KOHA)
Source of classification or shelving scheme Dewey Decimal Classification
Item type English Books
Classification part 240.31
Call number suffix JAL
Holdings
Withdrawn status Lost status Not for loan Collection code Home library Current library Date acquired Source of acquisition Cost, normal purchase price Full call number Barcode Copy number Cost, replacement price Koha item type
    Not For Loan Non-fiction D.B.Act.Division Patel Nagar 23/07/2018 DBAD/PUB 25.00 240.31 JAL EN-107112 1 25.00 English Books

© Delhi Public Library
Hit Counter
free hit counter